10 Biggest Cities in Lebanon - Statistics

General Stats
  • This quiz has been taken 560 times
  • The average score is 5 of 10
Answer Stats
Population City % Correct
1 920 000 Beirut
100%
230 000 Tripoli
92%
135 000 Tyre
79%
165 000 Sidon
78%
75 000 Zahle
61%
30 000 Baalbek
46%
100 000 Habbouch
8%
95 000 Djounie
2%
120 000 Nabatiye et Tahta
2%
25 000 En Naqoura
1%
No matching quizzes found
Score Distribution
Percent of People with Each Score
Percentile by Number Answered
Your Score History
You have not taken this quiz